000 00299nam a22001337a 4500
008 170208b xxu||||| |||| 00| 0 eng d
020 _a9780323031394
041 _aeng
080 _a61
100 _a4
101 _aSHM
245 _aNURSING PDQ FOR MEDICATION SAFETY
_cSALERNO, E
942 _2udc
_cBK
999 _c4966
_d4966